<?xml version="1.0" encoding="UTF-8"?>
<record
    xmlns:xsi="http://www.w3.org/2001/XMLSchema-instance"
    xsi:schemaLocation="http://www.loc.gov/MARC21/slim http://www.loc.gov/standards/marcxml/schema/MARC21slim.xsd"
    xmlns="http://www.loc.gov/MARC21/slim">

  <leader>02919njm a2200565 i 4500</leader>
  <controlfield tag="001">196103</controlfield>
  <controlfield tag="003">ES-MaACL</controlfield>
  <controlfield tag="005">20250904042259.0</controlfield>
  <controlfield tag="007">sd*fsngnnmmned</controlfield>
  <controlfield tag="008">240209s2006    sp opn   d     /    fre  </controlfield>
  <datafield tag="015" ind1=" " ind2=" ">
    <subfield code="a">SON06</subfield>
  </datafield>
  <datafield tag="017" ind1=" " ind2=" ">
    <subfield code="a">M 48055-2006</subfield>
    <subfield code="b">Oficina Dep&#xF3;sito Legal Madrid</subfield>
  </datafield>
  <datafield tag="020" ind1=" " ind2=" ">
    <subfield code="a">9788496832282</subfield>
  </datafield>
  <datafield tag="035" ind1=" " ind2=" ">
    <subfield code="a">(OCoLC)733210715</subfield>
  </datafield>
  <datafield tag="035" ind1=" " ind2=" ">
    <subfield code="a">(SpMaBN)a4580552</subfield>
  </datafield>
  <datafield tag="040" ind1=" " ind2=" ">
    <subfield code="a">SpMaBN</subfield>
    <subfield code="b">spa</subfield>
    <subfield code="c">SpMaBN</subfield>
    <subfield code="e">rdc</subfield>
  </datafield>
  <datafield tag="100" ind1="1" ind2=" ">
    <subfield code="a">Debussy, Claude, </subfield>
    <subfield code="d">1862-1918</subfield>
    <subfield code="9">240620</subfield>
    <subfield code="e">cmt</subfield>
  </datafield>
  <datafield tag="240" ind1="1" ind2="0">
    <subfield code="a">Pell&#xE9;as et M&#xE9;lisande</subfield>
  </datafield>
  <datafield tag="245" ind1="1" ind2="0">
    <subfield code="a">Pell&#xE9;as et M&#xE9;lisande /</subfield>
    <subfield code="c">Debussy ; libreto de Maurice Maeterlinck</subfield>
    <subfield code="b">[Grabaci&#xF3;n sonora]</subfield>
  </datafield>
  <datafield tag="260" ind1=" " ind2=" ">
    <subfield code="a">Madrid :</subfield>
    <subfield code="b">Prisa Innova, </subfield>
    <subfield code="c">D.L. 2006</subfield>
  </datafield>
  <datafield tag="264" ind1=" " ind2=" ">
    <subfield code="a">&#xA9;2007</subfield>
  </datafield>
  <datafield tag="300" ind1=" " ind2=" ">
    <subfield code="a">2 discos (CD Audio) + </subfield>
    <subfield code="e">1 libro (76 p&#xE1;ginas)</subfield>
  </datafield>
  <datafield tag="336" ind1=" " ind2=" ">
    <subfield code="2">rdacontent</subfield>
    <subfield code="a">m&#xFA;sica (interpretada)</subfield>
  </datafield>
  <datafield tag="337" ind1=" " ind2=" ">
    <subfield code="2">rdamedia</subfield>
    <subfield code="a">audio</subfield>
  </datafield>
  <datafield tag="338" ind1=" " ind2=" ">
    <subfield code="2">rdacarrier</subfield>
    <subfield code="a">volumen</subfield>
  </datafield>
  <datafield tag="490" ind1="1" ind2=" ">
    <subfield code="a">Los cl&#xE1;sicos de la &#xF3;pera, 400 a&#xF1;os ;</subfield>
    <subfield code="v">24</subfield>
  </datafield>
  <datafield tag="511" ind1="1" ind2=" ">
    <subfield code="a">Jacques Jansen, Victoria de los &#xC1;ngeles, G&#xE9;rard Souzay, Pierre Froumenty, Jeannine Collard, Fran&#xE7;oise Ogeas, Jean Vieuille ; Coros Raymond St. Paul ; Orquesta Nacional de la Radiodifusi&#xF3;n Francesa ; Andr&#xE9; Cluytens, director musical.</subfield>
  </datafield>
  <datafield tag="518" ind1=" " ind2=" ">
    <subfield code="a">Grabado en Palais de Chaillot, Par&#xED;s, en junio de 1956</subfield>
  </datafield>
  <datafield tag="520" ind1=" " ind2=" ">
    <subfield code="a">Hoy vemos a Claude Debussy (1822-1918) como el m&#xE1;s profundo creador de la modernidad. Basada en el drama del simbolista belga Maurice Maeterlinck, y estrenada en Par&#xED;s en 1902, Pell&#xE9;as et M&#xE9;lisande es la anti-&#xF3;pera en un sentido convencional: ni un agudo, ni un aria de exaltada vocalizaci&#xF3;n. Una obra para los amantes de la m&#xFA;sica en sentido absoluto, con una armon&#xED;a flotante e indecisa que evoca la pintura impresionista.</subfield>
  </datafield>
  <datafield tag="650" ind1=" " ind2="7">
    <subfield code="a">&#xD3;peras-</subfield>
    <subfield code="9">137584</subfield>
    <subfield code="v">Libretos</subfield>
  </datafield>
  <datafield tag="655" ind1=" " ind2="7">
    <subfield code="a">Libretos</subfield>
    <subfield code="2"></subfield>
    <subfield code="9">242219</subfield>
  </datafield>
  <datafield tag="700" ind1="1" ind2=" ">
    <subfield code="a">Maeterlinck, Maurice, </subfield>
    <subfield code="d">1862-1949- </subfield>
    <subfield code="t">Pelleas et M&#xE9;lisande- </subfield>
    <subfield code="l">Espa&#xF1;ol-Franc&#xE9;s</subfield>
    <subfield code="9">238257</subfield>
    <subfield code="e">lbt</subfield>
  </datafield>
  <datafield tag="700" ind1="1" ind2=" ">
    <subfield code="a">Jansen, Jacques</subfield>
    <subfield code="9">238258</subfield>
    <subfield code="e">prf</subfield>
  </datafield>
  <datafield tag="700" ind1="1" ind2=" ">
    <subfield code="a">Victoria de los &#xC1;ngeles, </subfield>
    <subfield code="d">1923-2005</subfield>
    <subfield code="9">237868</subfield>
    <subfield code="e">prf</subfield>
  </datafield>
  <datafield tag="700" ind1="1" ind2=" ">
    <subfield code="a">Souzay, G&#xE9;rard, </subfield>
    <subfield code="d">1918-2004</subfield>
    <subfield code="9">238259</subfield>
    <subfield code="e">prf</subfield>
  </datafield>
  <datafield tag="700" ind1="1" ind2=" ">
    <subfield code="a">Froumenty, Pierre</subfield>
    <subfield code="9">238260</subfield>
    <subfield code="e">prf</subfield>
  </datafield>
  <datafield tag="700" ind1="1" ind2=" ">
    <subfield code="a">Collard, Jeannine</subfield>
    <subfield code="9">238261</subfield>
    <subfield code="e">prf</subfield>
  </datafield>
  <datafield tag="700" ind1="1" ind2=" ">
    <subfield code="a">Ogeas, Fran&#xE7;oise</subfield>
    <subfield code="9">238262</subfield>
    <subfield code="e">prf</subfield>
  </datafield>
  <datafield tag="700" ind1="1" ind2=" ">
    <subfield code="a">Vieuille, Jean, </subfield>
    <subfield code="d">1902-1967</subfield>
    <subfield code="9">238197</subfield>
    <subfield code="e">prf</subfield>
  </datafield>
  <datafield tag="700" ind1="1" ind2=" ">
    <subfield code="a">Cluytens, Andr&#xE9;, </subfield>
    <subfield code="d">1905-1967</subfield>
    <subfield code="9">238263</subfield>
    <subfield code="e">msd</subfield>
  </datafield>
  <datafield tag="710" ind1="2" ind2=" ">
    <subfield code="a">Choeur Raymond Saint-Paul</subfield>
    <subfield code="9">238264</subfield>
  </datafield>
  <datafield tag="710" ind1="2" ind2=" ">
    <subfield code="a">Radiodiffusion fran&#xE7;aise. </subfield>
    <subfield code="b">Orchestre national </subfield>
    <subfield code="9">238171</subfield>
  </datafield>
  <datafield tag="852" ind1=" " ind2=" ">
    <subfield code="a">ES-MaACL</subfield>
    <subfield code="b">R.155037</subfield>
    <subfield code="c">DEPOJ</subfield>
    <subfield code="j">N-9819</subfield>
    <subfield code="h">Donaci&#xF3;n: Miren Fern&#xE1;ndez</subfield>
    <subfield code="x">Encuadernaci&#xF3;n carton&#xE9;</subfield>
    <subfield code="p">Volumen 24</subfield>
    <subfield code="9">205697</subfield>
  </datafield>
  <datafield tag="903" ind1=" " ind2=" ">
    <subfield code="a">Fern&#xE1;ndez, Miren</subfield>
    <subfield code="e">dnr</subfield>
  </datafield>
  <datafield tag="942" ind1=" " ind2=" ">
    <subfield code="c">MONOGRAFIA</subfield>
    <subfield code="n">0</subfield>
  </datafield>
  <datafield tag="999" ind1=" " ind2=" ">
    <subfield code="c">196103</subfield>
    <subfield code="d">196103</subfield>
  </datafield>
  <datafield tag="952" ind1=" " ind2=" ">
    <subfield code="0">0</subfield>
    <subfield code="1">0</subfield>
    <subfield code="2">udc</subfield>
    <subfield code="4">0</subfield>
    <subfield code="7">0</subfield>
    <subfield code="a">ATENEOM</subfield>
    <subfield code="b">ATENEOM</subfield>
    <subfield code="c">DEPOJ</subfield>
    <subfield code="d">2025-05-22</subfield>
    <subfield code="e">DONACION</subfield>
    <subfield code="l">0</subfield>
    <subfield code="o">N-9819</subfield>
    <subfield code="p">101230124</subfield>
    <subfield code="r">2025-05-22 00:00:00</subfield>
    <subfield code="w">2025-05-22</subfield>
    <subfield code="y">MONOGRAFIA</subfield>
  </datafield>
</record>
